000 00938cam a22002533a 4500
001 8914
003 PGUSA
005 20140828083206.0
008 050901s2005||||xxu|||||s|||||000 1 eng d
040 _aPGUSA
_beng
042 _adc
050 4 _aPR
100 1 _aLawrence, D. H.
_q(David Herbert),
_d1885-1930
245 1 0 _aEngland, My England
_h[electronic resource] /
_cD. H. Lawrence
260 _bProject Gutenberg,
_c2005
505 0 _aEngland, my England -- Tickets, please -- The blind man -- Monkey nuts -- Wintry peacock -- You touched me -- Samson and Delilah -- The primrose path -- The horse dealer's daughter -- Fanny and Annie.
506 _aPublic domain in the USA.
516 _aElectronic text
653 _aShort stories, English
653 _aEngland -- Social life and customs -- 20th century -- Fiction
830 0 _aProject Gutenberg
_v8914
856 4 0 _uhttp://www.gutenberg.org/ebooks/8914
942 _cEB
999 _c238198
_d238198